000 00235nam a22000857a 4500
008 161022b xxu||||| |||| 00| 0 eng d
100 _9924
_aMaanu Graphics
245 _aChilling Ghost Stories
260 _aNew Delhi
_bMaaugra Publications
_c2012
999 _c3579
_d3579